Exchange Rate Regime Choice for Central and Eastern Uropean Countries: A Theoretical Approach
Gespeichert in:
| 1. Verfasser: | |
|---|---|
| Format: | Buchkapitel |
| Sprache: | Englisch |
| Tags: |
Keine Tags, Fügen Sie das erste Tag hinzu!
|
MARC
| LEADER | 00000naa$a2200000$$$4500 | ||
|---|---|---|---|
| 001 | 0308421 | ||
| 005 | 20250502143739.9 | ||
| 041 | 0 | |a eng | |
| 044 | |a FR | ||
| 245 | 1 | 0 | |a Exchange Rate Regime Choice for Central and Eastern Uropean Countries: A Theoretical Approach |c António Portugal Duarte |
| 100 | 1 | |a Duarte, António Portugal | |